000
00240nam a2200097Ia 4500
008
240331s9999 xx 000 0 und d
082
_b
SAR
100
_a
Saravanan, N
245
0
_a
Elangai :
_b
arasiyal penkalum, penkalin arasiyalum
942
_c
L
999
_c
2443
_d
2443